Представление документа в формате MARC21

Поле Инд. ПП Название Значение
Тип записи a
Библиографический уровень b
001 Контрольный номер RU/IS/BASE/264553968
005 Дата корректировки 20220207124503.5
008 Кодируемые данные 19970522
084 a Индекс другой классификации/Индекс ББК 63.3(4Фра)63-5ю11
a Индекс другой классификации/Индекс ББК 63.3(4Фра)63-442ю11
097 00 a 700
100 10 a Автор Зорин В. А.
100 1_ a Автор Плиссонье Г.
100 1_ a Автор Роше В.
100 1_ a Автор Дюкло Ж.
245 10 a Заглавие Май 1968-го во Франции
b Продолж. заглавия Записи бесед посла СССР В.А. Зорина с членами Политбюро ЦКФКП [Г. Плиссонье, В. Роше и Ж. Дюкло]
c Ответственность публ. и предисловие З. К. Водопьяновой [и др.]
500 a Примечание Окончание. Начало см. № 1 за 1996 г.
504 00 a Библиография Примеч.
650 a Основная рубрика история
653 00 a Ключевые слова внутренняя политика
a Ключевые слова Коммунистическая партия Франции
a Ключевые слова социально-политические проблемы
a Ключевые слова студенческие выступления
a Ключевые слова студенческое движение
a Ключевые слова Франция
700 10 a Автор Водопьянова З. К.
e Роль лиц автор публикации; автор предисловия
700 10 a Автор Юдина Т. В.
e Роль лиц автор публикации; автор предисловия
700 10 a Автор Муллек Г.
e Роль лиц автор публикации; автор предисловия
773 00 t Заглавие источника Исторический архив
d Дата издания источника 1996
g Прочая информация № 2. - С. 154 - 175
w Контрольный № источника RU/IS/BASE/142005402
901 t Тип документа b